| 000 | 01443 a2200241 4500 | ||
|---|---|---|---|
| 001 | 59274 | ||
| 005 | 20260407155846.0 | ||
| 008 | 260407a2018 arg spa d | ||
| 003 | AR-UNSa-BCEJYS | ||
| 040 |
_aAR-UNSa-BCEJYS _bspa _cAR-UNSa-BCEJYS |
||
| 080 |
_a658.11:504 _xEmpresas sustentables |
||
| 245 | 1 | 0 |
_aDesarrollo sustentable _pestrategia en las empresas para un futuro mejor |
| 020 | _a978-607-622-971-2 | ||
| 264 | 1 |
_aMéxico : _bAlfaomega Grupo Editor _c2018 |
|
| 300 |
_axv, 381 p. _c23 cm. |
||
| 505 | _a1. Concepto y antecedentes del desarrollo sustentable - 2. La igualdad económica mediante la sustentabilidad y la sostenibilidad - 3. Modelos de empresas sustentables y el mercado verde - 4. Uso y manejo de los recursos hídricos - 5. Energía eléctrica y los recursos para producirla como herramienta del desarrollo sustentable - 6. Uso y manejo de residuos sólidos - 7. Autotransporte sustentable en las empresas, mecanismo para mitigar el cambio climático - 8. Mercadotecnia y sustentabilidad - 9. La innovación financiera como estrategia para la realización de proyectos verdes - 10. Responsabilidad social empresarial | ||
| 041 | _aspa | ||
| 942 | _cBK | ||
| 590 | _aniveau_biblio:m niveau_hierar:0 | ||
| 100 | 1 | _aEscobedo Guerrero, Gabriela Guadalupe | |
| 700 | 1 | _aAndrade Vallejo, María Antonieta | |
| 856 | 4 | 1 |
_uhttps://www.biblioeco.unsa.edu.ar/pmb/images/libros/L129030.jpg _yImagen de portada _qimage/jpeg |
| 999 |
_c6631 _d6631 |
||